Statistics for Newcastle United Current Squad

Click here to take the quiz!

General Stats

  • This quiz has been taken 4,701 times
    (626 since last reset)
  • The average score is 22 of 37

Answer Stats

#Player% Correct
14Alexander Isak
96%
22Nick Pope
93%
2Kieran Trippier
90%
39Bruno Guimarães
89%
9Callum Wilson
89%
10Anthony Gordon
87%
5Fabian Schär
86%
1Martin Dúbravka
86%
4Sven Botman
83%
24Miguel Almirón
82%
7Joelinton
81%
33Dan Burn
79%
36Sean Longstaff
78%
Head CoachEddie Howe
77%
67Lewis Miley
70%
8Sandro Tonali
69%
6Jamaal Lascelles
68%
15Harvey Barnes
66%
23Jacob Murphy
66%
54Alex Murphy
65%
21Tino Livramento
65%
18Loris Karius
61%
28Joe Willock
60%
20Lewis Hall
58%
3Paul Dummett
52%
17Emil Krafth
49%
11Matt Ritchie
48%
32Elliot Anderson
45%
13Matt Targett
45%
29Mark Gillespie
34%
12Jamal Lewis
27%
63Ben Parkinson
18%
49Amadou Diallo
15%
16Jeff Hendrick
13%
30Harrison Ashby
8%
31Kelland Watts
7%
55Michael Ndiweni
7%

Score Distribution

Percentile by Number Answered

Percent of People with Each Score

Your Score History

You have not taken this quiz since the last reset